Statistics for Aphex Twin Discography

Click here to take the quiz!

General Stats

  • This quiz has been taken 117 times
    (77 since last reset)
  • The average score is 10 of 22

Answer Stats

TypeYearName% Correct
Album1992Selected Ambient Works 85–92
95%
Album1994Selected Ambient Works Volume II
95%
Album1996Richard D. James Album
89%
Album2014Syro
89%
Album2001drukQs
87%
Album1995...I Care Because You Do
83%
EP1997Come to Daddy
76%
EP2018Collapse
57%
EP2016Cheetah
46%
Compilation1994Classics
44%
EP1993On
41%
EP1995Donkey Rhubarb
35%
EP1995Ventolin
33%
EP1992Digeridoo
32%
EP1996Girl/Boy
29%
EP1992Xylem Tube EP
27%
EP2019Peel Session 2
22%
EP2015Computer Controlled Acoustic Instruments pt2
16%
Compilation200326 Mixes for Cash
14%
EP2004Analord 10
14%
Compilation199651/13 Aphex Singles Collection
5%
EP2017Houston, TX 12.17.16
0%

Score Distribution

Percentile by Number Answered

Percent of People with Each Score

Your Score History

You have not taken this quiz since the last reset